000 00635nam a22002057a 4500
999 _c19921
_d19921
003 AR-CdUCM
008 190320b ||||| |||| 00| 0 spa d
040 _aMUNICIPALIDAD PROVINCIAL DEL CUSCO
_cBIBLIOTECA MUNICIPAL DEL CUSCO
082 _218ed.
_a530 /
_bV63
100 _aVidal, Jorge
_920980
245 _aCurso de física /
260 _aLima :
_bBruño,
_c1947.
300 _a458 páginas ;
_bIlustraciones,
_c23 cm.
505 _aContenido: p.1: Mecánica -- Calor -- Acústica.
650 _aFísica
_92382
650 _aAceleración
_941108
650 _aÁtomos
_918683
942 _2ddc
_cLIBROS
945 _adavv
_d2019-05-23